000 01032cam a2200277 a 4500
999 _c6856
_d6856
001 534243
003 OSt
005 20210409174422.0
008 871019s1989 enka b 001 0 eng
010 _a 87030928
020 _a0521344565
040 _aDLC
_cDLC
_dDLC
082 0 0 _a536.5BET 1989
100 1 _aBetts, D. S.
_q(David Sheridan),
_d1936-
_914060
245 1 3 _aAn introduction to millikelvin technology /
_cDavid S. Betts.
260 _aCambridge [Cambridgeshire] ;
_aNew York :
_bCambridge University Press,
_c1989.
300 _aviii, 102 p. :
_bill. ;
_c24 cm.
440 0 _aCambridge studies in low temperature physics
_914061
500 _aIncludes index.
504 _aBibliography: p. [96]-100.
650 0 _aLow temperatures
_xMeasurement.
_914062
856 4 2 _3Publisher description
_uhttp://www.loc.gov/catdir/description/cam023/87030928.html
856 4 1 _3Table of contents
_uhttp://www.loc.gov/catdir/toc/cam028/87030928.html
906 _a7
_bcbc
_corignew
_d1
_eocip
_f19
_gy-gencatlg
942 _2ddc
_cO_SHELF